LEADER 00775nam0-22002891i-450- 001 990007497770403321 005 20051005100657.0 035 $a000749777 035 $aFED01000749777 035 $a(Aleph)000749777FED01 035 $a000749777 100 $a20030814d1942----km-y0itay50------ba 101 0 $aita 102 $aIT 200 1 $aEtnografia$eprolegomeni$fRaffaele Corso 205 $a2. ed. 210 $aNapoli$cPironti$d1942 215 $aVII, 310 p., 7 c. di ill.$d24 cm+ 1 c. geogr. ripieg. f.t. 610 0 $aEtnografia 700 1$aCorso,$bRaffaele$0146954 801 0$aIT$bUNINA$gRICA$2UNIMARC 901 $aBK 912 $a990007497770403321 952 $aC-02-079$bIst.3495$fILFGE 959 $aILFGE 996 $aEtnografia$9660693 997 $aUNINA